000 00479nam a2200181Ia 4500
008 230917s9999||||xx |||||||||||||| ||und||
020 _cRS630
040 _e251305
_aMAIN
041 _aEnglish
082 _a342.54 P192C(55)
100 _aPandey, J N
245 0 _aConstitutional law of India
250 _a55th ed.
260 _aAllahabad
_bCentral Law Agency
_c2018
300 _alxvi, 855 p.
500 _a3319 05/11/2018 HBD18/7563 05/12/2018 Main Budget
942 _cBK
999 _c28853
_d28853